00225nam a2200085Ia 4500008004100000082001700041245002900058300002300087650002900110230907s9999||||xx |||||||||||||| ||und|| a620.115bNAN 0aNanomaterials handbook / axviii, 679 pages ; aHandbooks, manuals, etc.